000 00428cam a2200181ua 4500
001 7148
008 141127n ii |||gr||||Z||||||eng
040 _cMAIN
041 _aeng
082 _a.
100 _aChaube, S.P.,
_eAuthor.
245 1 _aFeatures of comparative education
_cBy S.P. Chaube
250 _a5th rev.
260 _aAgra:
_bAgrawal,
_c2009.
300 _a564p.
653 _aComparative education
942 _cBK
999 _c6274
_d6274